Quiz wiedzy ogólnej #7 - Statystyki

Ogólne statystyki
  • Ten quiz został rozwiązany 7 285 razy
  • Średni wynik to 9 z 20
Statystyki odpowiedzi
Pytanie Odpowiedź % Poprawnych
Jaka jest podstawowa żywność pand wielkich? Bambus
91%
Z jakim krajem Szwajcaria graniczy od zachodu? Francja
90%
Jaki element garderoby noszą Drakula i Superman? Peleryna
90%
Jak możemy nazwać liczby 2, 3, 7, 11 i 19? Liczbami {pierwszymi}
81%
Jak nazywa się trójgłowy pies, który strzeże Hadesu? Cerber
70%
Jaka aktorka grała rolę Hermiony Granger? Emma Watson
58%
Jaki przedrostek występuje pomiędzy mili i nano? Mikro
46%
Jaka kometa przelatuje w pobliżu Ziemi co 76 lat? Kometa {Halleya}
45%
Jakie państwo jest położone głównie w Azji Mniejszej? Turcja
44%
Jakie państwo nazywano niegdyś Cejlonem? Sri Lanka
42%
Kawior jest tradycyjnie przyrządzany z jaj jakiej ryby? Bieługi
40%
Jakie są trzy najpopularniejsze marki modowe używane przez twórców muzyki hip-hopowej? Gucci
40%
Czym spowodowane jest martwicze zapalenie powięzi? {Mięso}żerną bakterią
29%
Akcja jakiego filmu rozgrywa się na księżycu Pandora? Avatar
28%
Jakiej rośliny używa się przy robieniu tequili? Agawy
24%
Jak nazywa się wybój na trasie narciarskiej? Mulda
21%
Jaki ważny bohater biblijny był bratem Aarona i Miriam? Mojżesz
20%
Jakie są trzy najpopularniejsze marki modowe używane przez twórców muzyki hip-hopowej? Prada
20%
Jakie są trzy najpopularniejsze marki modowe używane przez twórców muzyki hip-hopowej? Versace
9%
Czego boi się chorofob? Tańczenia
5%
Nie znaleziono quizów pasujących do podanych kryteriów
Rozkład punktacji
Procent ludzi z każdym wynikiem
Percentyl według liczby udzielonych odpowiedzi
Twoja historia wyników
Nie rozwiązałeś tego quizu